000 00361nam a22001697a 4500
003 UA-OsUOA
001 5537
007 ta
008 20050721b un ||||| |||| 00| 0 ukr d
100 _aMascull
700 _aBill
942 _cBK
040 _aUA-OsUOA
_cUA-OsUOA
_dUA-OsUOA
245 _aBusiness Vocabulary in Use.
_bPractice
955 _a2
650 7 _2UDC
999 _c291699
_d291699